[Event "European Team-ch 2007"]
[Site "Crete GRE"]
[Date "2007.11.05"]
[Round "8.19"]
[White "Efimov, Igor"]
[Black "Muir, Andrew J"]
[Result "1-0"]
[WhiteElo "2446"]
[BlackElo "2367"]
[PlyCount "61"]
[EventDate "2007.10.28"]
[EventType "team"]
[EventRounds "9"]
[EventCountry "GRE"]
[Source "lmi"]
[SourceDate "2007.10.28"]
[WhiteTeam "Monaco"]
[BlackTeam "Scotland"]
[WhiteTeamCountry "MNC"]
[BlackTeamCountry "SCO"]

1. d4 d5 2. Nf3 Nf6 3. c4 e6 4. Nc3 c6 5. e3 Nbd7 6. Qc2 Bd6 7. b3 O-O 8. Be2
Qe7 9. Bb2 Re8 10. O-O dxc4 11. bxc4 e5 12. h3 e4 13. Nd2 Nf8 14. f3 exf3 15.
Rxf3 Ne6 16. Raf1 Ng5 17. Rxf6 gxf6 18. e4 Bc7 19. c5 b6 20. e5 fxe5 21. Nce4
Nxe4 22. Nxe4 f5 23. Bc4+ Kh8 24. dxe5 Be6 25. Rxf5 Rf8 26. Rf6 Bxc4 27. e6 Kg8
28. Qxc4 Rad8 29. Rxf8+ Kxf8 30. Qf1+ Kg8 31. Nf6+ 1-0

[Event "European Team-ch 2007"]
[Site "Crete GRE"]
[Date "2007.11.05"]
[Round "8.19"]
[White "Ruxton, Keith"]
[Black "Van Hoolandt, Patrick"]
[Result "1-0"]
[WhiteElo "2314"]
[BlackElo "2245"]
[PlyCount "71"]
[EventDate "2007.10.28"]
[EventType "team"]
[EventRounds "9"]
[EventCountry "GRE"]
[Source "lmi"]
[SourceDate "2007.10.28"]
[WhiteTeam "Scotland"]
[BlackTeam "Monaco"]
[WhiteTeamCountry "SCO"]
[BlackTeamCountry "MNC"]

1. Nf3 Nf6 2. c4 e6 3. Nc3 Bb4 4. Qb3 c5 5. a3 Ba5 6. g3 O-O 7. Bg2 Nc6 8. O-O
d6 9. d3 h6 10. e3 e5 11. Nd2 Re8 12. Nd5 Nxd5 13. cxd5 Ne7 14. e4 Bxd2 15.
Bxd2 Ng6 16. Rae1 Rb8 17. f4 exf4 18. gxf4 b5 19. Re3 Nh4 20. Rg3 Nxg2 21. Kxg2
b4 22. Rg1 f5 23. axb4 cxb4 24. Be3 Rb7 25. Bd4 Qh4 26. Kh1 Ree7 27. Qc2 Rbc7
28. Qg2 g5 29. fxg5 f4 30. Rf3 h5 31. Rgf1 b3 32. Rxf4 Bg4 33. Rf8+ Kh7 34.
Rh8+ Kg6 35. Rh6+ Kxg5 36. Be3# 1-0

[Event "European Team-ch 2007"]
[Site "Crete GRE"]
[Date "2007.11.05"]
[Round "8.19"]
[White "Iclicki, Willy"]
[Black "Grant, Jonathan"]
[Result "0-1"]
[WhiteElo "2147"]
[BlackElo "2261"]
[PlyCount "110"]
[EventDate "2007.10.28"]
[EventType "team"]
[EventRounds "9"]
[EventCountry "GRE"]
[Source "lmi"]
[SourceDate "2007.10.28"]
[WhiteTeam "Monaco"]
[BlackTeam "Scotland"]
[WhiteTeamCountry "MNC"]
[BlackTeamCountry "SCO"]

1. d4 Nf6 2. c4 e6 3. Nc3 Bb4 4. Qc2 c5 5. dxc5 O-O 6. a3 Bxc5 7. Nf3 b6 8. Bf4
Bb7 9. Rd1 Nc6 10. e3 Rc8 11. Be2 Be7 12. O-O Na5 13. b3 a6 14. Qb2 d6 15. h3
Qc7 16. Rd2 Rfd8 17. Rfd1 Nc6 18. b4 Ne5 19. Nxe5 dxe5 20. Bg3 Ne8 21. Rxd8
Rxd8 22. Rxd8 Bxd8 23. c5 bxc5 24. bxc5 Bf6 25. Qb6 Qxb6 26. cxb6 e4 27. Na4
Be7 28. Be5 Bxa3 29. Bd4 Nf6 30. Bc5 Bc1 31. Bd4 Nd7 32. Nc5 Nxc5 33. Bxc5 Bd2
34. f3 a5 35. fxe4 Bb4 36. Bd4 Bxe4 37. Ba6 Bd6 38. b7 Bb8 39. Bb6 a4 40. Bc5
Bc6 41. Kf2 g6 42. g4 h6 43. h4 f5 44. g5 hxg5 45. hxg5 Kf7 46. Ke2 Ke8 47. Kd3
Kd7 48. Kc3 Kc7 49. Bc4 Bd5 50. Bxd5 exd5 51. Kd4 Kxb7 52. Kxd5 Ba7 53. Bxa7
Kxa7 54. Kc4 Kb6 55. Kb4 Kc6 0-1

[Event "European Team-ch 2007"]
[Site "Crete GRE"]
[Date "2007.11.05"]
[Round "8.19"]
[White "Morrison, Graham"]
[Black "Rapaire, Jean-Michel"]
[Result "1/2-1/2"]
[WhiteElo "2322"]
[BlackElo "1966"]
[PlyCount "82"]
[EventDate "2007.10.28"]
[EventType "team"]
[EventRounds "9"]
[EventCountry "GRE"]
[Source "lmi"]
[SourceDate "2007.10.28"]
[WhiteTeam "Scotland"]
[BlackTeam "Monaco"]
[WhiteTeamCountry "SCO"]
[BlackTeamCountry "MNC"]

1. d4 d6 2. e4 e5 3. Nf3 Nd7 4. Bc4 f6 5. O-O Nb6 6. Bb3 Bg4 7. c3 Qd7 8. a4 a5
9. Re1 h5 10. Be3 d5 11. dxe5 dxe4 12. Qxd7+ Nxd7 13. exf6 Ngxf6 14. Ng5 Ne5
15. f3 Bf5 16. Nd2 O-O-O 17. fxe4 Bg6 18. Bd4 Re8 19. Be6+ Ned7 20. e5 Nh7 21.
Ndf3 Nxg5 22. Nxg5 c5 23. Bf2 Kc7 24. Bf7 Bxf7 25. Nxf7 Rg8 26. e6 Nf6 27. Bg3+
Kb6 28. Rad1 Be7 29. Nd6 Rd8 30. Nc4+ Ka6 31. Bd6 Rge8 32. h3 b5 33. Bxe7 Rxd1
34. Rxd1 bxc4 35. Bxc5 Rxe6 36. Rd6+ Rxd6 37. Bxd6 Nd5 38. Bc5 Nf4 39. Kf1 Kb7
40. h4 Kc6 41. Bf8 g6 1/2-1/2

[Event "European Team-ch 2007"]
[Site "Crete GRE"]
[Date "2007.11.06"]
[Round "9.1"]
[White "Alekseev, Evgeny"]
[Black "Delchev, Aleksander"]
[Result "1-0"]
[WhiteElo "2716"]
[BlackElo "2613"]
[PlyCount "121"]
[EventDate "2007.10.28"]
[EventType "team"]
[EventRounds "9"]
[EventCountry "GRE"]
[Source "lmi"]
[SourceDate "2007.10.28"]
[WhiteTeam "Russia"]
[BlackTeam "Bulgaria"]
[WhiteTeamCountry "RUS"]
[BlackTeamCountry "BUL"]

1. d4 Nf6 2. c4 e6 3. Nf3 d5 4. Nc3 dxc4 5. Bg5 Bb4 6. e4 c5 7. dxc5 Qxd1+ 8.
Rxd1 Nbd7 9. Bd2 Bxc5 10. Bxc4 a6 11. Be2 Bd6 12. O-O O-O 13. a3 b5 14. Be3 Bb8
15. Nd4 Bb7 16. f3 Rc8 17. Nb3 Bc7 18. Rd2 Ne5 19. Rfd1 Bc6 20. Kf2 Be8 21. h3
h6 22. Rc2 Nc4 23. Bxc4 bxc4 24. Nd2 Nh5 25. Rdc1 Bg3+ 26. Kf1 Bf4 27. Nd1 Ba4
28. b3 Bb5 29. Nxc4 Rd8 30. Bxf4 Nxf4 31. Ndb2 Rab8 32. a4 Bxc4+ 33. bxc4 Rdc8
34. c5 Rc6 35. g3 Nxh3 36. f4 g5 37. Kg2 g4 38. Nd3 f6 39. Rb2 Rxb2+ 40. Nxb2
e5 41. Nd3 a5 42. fxe5 Ng5 43. exf6 Nxe4 44. f7+ Kf8 45. Rc4 Nf6 46. Ne5 Re6
47. c6 Nd5 48. c7 Nxc7 49. Nd7+ Kxf7 50. Rxc7 Re2+ 51. Kf1 Re3 52. Nc5+ Kg6 53.
Kf2 Rf3+ 54. Kg2 Rc3 55. Ne6 Ra3 56. Nf4+ Kf5 57. Rc4 Ra2+ 58. Kf1 Ra3 59. Ne2
h5 60. Ke1 Ke6 61. Nf4+ 1-0

[Event "European Team-ch 2007"]
[Site "Crete GRE"]
[Date "2007.11.06"]
[Round "9.2"]
[White "Avrukh, Boris"]
[Black "Akopian, Vladimir"]
[Result "0-1"]
[WhiteElo "2641"]
[BlackElo "2713"]
[PlyCount "92"]
[EventDate "2007.10.28"]
[EventType "team"]
[EventRounds "9"]
[EventCountry "GRE"]
[Source "lmi"]
[SourceDate "2007.10.28"]
[WhiteTeam "Israel"]
[BlackTeam "Armenia"]
[WhiteTeamCountry "ISR"]
[BlackTeamCountry "ARM"]

1. d4 d5 2. c4 c6 3. Nf3 Nf6 4. Nc3 e6 5. Bg5 h6 6. Bh4 dxc4 7. e4 g5 8. Bg3 b5
9. Be2 Bb7 10. h4 g4 11. Ne5 Rg8 12. Nxg4 Nbd7 13. O-O b4 14. Na4 Nxe4 15. Bxc4
h5 16. Ne3 Qf6 17. Be2 O-O-O 18. Bh2 Qxh4 19. Rc1 Bd6 20. Bxd6 Nxd6 21. Bf3 Ne4
22. Bxe4 Qxe4 23. Nc5 Nxc5 24. Rxc5 h4 25. Qh5 h3 26. Qxh3 Qxd4 27. Rfc1 Qxb2
28. Qf3 Kb8 29. R5c2 Qg7 30. Rc5 Rd4 31. Nf1 Qg4 32. Qxg4 Rdxg4 33. Ne3 R4g5
34. R5c4 a5 35. f4 Rb5 36. Rd1 Kc7 37. Rcd4 Bc8 38. Nc4 a4 39. a3 bxa3 40. Ne3
Rb3 41. Re1 Ba6 42. f5 Bb5 43. fxe6 fxe6 44. Rd2 Rb2 45. Red1 Be2 46. Rd7+ Kc8
0-1

[Event "European Team-ch 2007"]
[Site "Crete GRE"]
[Date "2007.11.06"]
[Round "9.2"]
[White "Sargissian, Gabriel"]
[Black "Roiz, Michael"]
[Result "1/2-1/2"]
[WhiteElo "2673"]
[BlackElo "2644"]
[PlyCount "51"]
[EventDate "2007.10.28"]
[EventType "team"]
[EventRounds "9"]
[EventCountry "GRE"]
[Source "lmi"]
[SourceDate "2007.10.28"]
[WhiteTeam "Armenia"]
[BlackTeam "Israel"]
[WhiteTeamCountry "ARM"]
[BlackTeamCountry "ISR"]

1. d4 d5 2. c4 c6 3. Nf3 Nf6 4. e3 Bg4 5. h3 Bxf3 6. Qxf3 e6 7. Nc3 Nbd7 8. Bd3
Bb4 9. Bd2 O-O 10. a3 Ba5 11. cxd5 cxd5 12. b4 Bb6 13. O-O Re8 14. Bc2 Rc8 15.
Bb3 Bc7 16. Rfc1 Bb8 17. Qe2 Nb6 18. Na4 Nxa4 19. Bxa4 Re7 20. Rxc8 Qxc8 21.
Rc1 Rc7 22. Rxc7 Qxc7 23. g3 Ne4 24. Be1 Nc3 25. Bxc3 Qxc3 26. Qb5 1/2-1/2

[Event "European Team-ch 2007"]
[Site "Crete GRE"]
[Date "2007.11.06"]
[Round "9.3"]
[White "Bacrot, Etienne"]
[Black "Mamedyarov, Shakhriyar"]
[Result "1/2-1/2"]
[WhiteElo "2695"]
[BlackElo "2752"]
[PlyCount "25"]
[EventDate "2007.10.28"]
[EventType "team"]
[EventRounds "9"]
[EventCountry "GRE"]
[Source "lmi"]
[SourceDate "2007.10.28"]
[WhiteTeam "France"]
[BlackTeam "Azerbaijan"]
[WhiteTeamCountry "FRA"]
[BlackTeamCountry "AZE"]

1. d4 Nf6 2. c4 e6 3. Nf3 d5 4. Nc3 Bb4 5. e3 O-O 6. Bd3 dxc4 7. Bxc4 c5 8. a3
Bxc3+ 9. bxc3 b6 10. O-O Qc7 11. Be2 Ba6 12. Bxa6 Nxa6 13. Qe2 1/2-1/2

[Event "European Team-ch 2007"]
[Site "Crete GRE"]
[Date "2007.11.06"]
[Round "9.3"]
[White "Guseinov, Gadir"]
[Black "Bauer, Christian"]
[Result "1/2-1/2"]
[WhiteElo "2614"]
[BlackElo "2634"]
[PlyCount "169"]
[EventDate "2007.10.28"]
[EventType "team"]
[EventRounds "9"]
[EventCountry "GRE"]
[Source "lmi"]
[SourceDate "2007.10.28"]
[WhiteTeam "Azerbaijan"]
[BlackTeam "France"]
[WhiteTeamCountry "AZE"]
[BlackTeamCountry "FRA"]

1. e4 e6 2. d4 d5 3. Nc3 Bb4 4. Nge2 Nc6 5. a3 Ba5 6. b4 Bb6 7. Na4 dxe4 8. Bb2
Nf6 9. c4 a6 10. g3 O-O 11. Bg2 Ba7 12. O-O Qe7 13. Ra2 Rd8 14. Qa1 b5 15. cxb5
axb5 16. Nac3 Nxd4 17. Nxd4 Bxd4 18. Nxe4 Bxb2 19. Qxb2 Nxe4 20. Bxe4 Ra7 21.
Rc1 Bb7 22. Bxb7 Rxb7 23. Qc3 Rd6 24. Rac2 Qd7 25. Qf3 Rd5 26. Kg2 g6 27. Qf4
Rd4 28. Qf3 Ra7 29. Rc3 Kg7 30. h4 h5 31. Qe3 Qd5+ 32. Kh2 Qe4 33. Qxe4 Rxe4
34. Kg2 Re2 35. Rxc7 Rxa3 36. R7c5 Raa2 37. Rf1 e5 38. Rxb5 e4 39. Re5 f6 40.
Re7+ Kf8 41. Rc7 Reb2 42. Rc4 f5 43. Rc7 e3 44. Kf3 exf2 45. Rc3 Kg7 46. Kg2
Kh6 47. Rf3 Rxb4 48. R1xf2 Ra1 49. Rf1 Ra6 50. R1f2 Kg7 51. Rc2 Re6 52. Ra2 Kf6
53. Rc2 Ree4 54. Rc6+ Kg7 55. Rc7+ Kh6 56. Rc2 Rg4 57. Kh3 Rb1 58. Kg2 Re4 59.
Rf1 Rxf1 60. Kxf1 Rg4 61. Kf2 f4 62. gxf4 Rxh4 63. Kg3 Rg4+ 64. Kf3 Rg1 65. Rc8
Ra1 66. Rc3 Ra5 67. Rb3 Kg7 68. Kg3 Kf6 69. Rb6+ Kf5 70. Rb3 Rd5 71. Kf3 Rd1
72. Rb5+ Kf6 73. Rb6+ Kf5 74. Rb5+ Ke6 75. Rb6+ Rd6 76. Rb3 Kd5 77. Rd3+ Kc5
78. Rc3+ Kd4 79. Rc8 Kd3 80. Rg8 Rf6 81. Rd8+ Kc4 82. Kg3 Kc5 83. Rg8 Kd5 84.
f5 gxf5 85. Kf4 1/2-1/2

[Event "European Team-ch 2007"]
[Site "Crete GRE"]
[Date "2007.11.06"]
[Round "9.4"]
[White "Adams, Michael"]
[Black "Ivanchuk, Vassily"]
[Result "1-0"]
[WhiteElo "2729"]
[BlackElo "2787"]
[PlyCount "151"]
[EventDate "2007.10.28"]
[EventType "team"]
[EventRounds "9"]
[EventCountry "GRE"]
[Source "lmi"]
[SourceDate "2007.10.28"]
[WhiteTeam "England"]
[BlackTeam "Ukraine"]
[WhiteTeamCountry "ENG"]
[BlackTeamCountry "UKR"]

1. e4 c5 2. Nf3 d6 3. d4 cxd4 4. Nxd4 Nf6 5. Nc3 a6 6. a4 Nc6 7. Bc4 e6 8. O-O
Be7 9. Be3 O-O 10. Kh1 Bd7 11. Qe2 Rc8 12. Rad1 Ne5 13. Bd3 Nfg4 14. Bc1 Qb6
15. Nb3 Bh4 16. a5 Qa7 17. Kg1 f5 18. exf5 exf5 19. h3 Nxd3 20. cxd3 Rfe8 21.
Qf3 Be6 22. Nd2 Ne5 23. Qf4 Bd8 24. Nf3 Bxa5 25. Be3 Qb8 26. Bd4 Ng6 27. Qg5
Ne5 28. Qf4 Nxf3+ 29. Qxf3 Qc7 30. Rde1 Qf7 31. Qf4 Bd7 32. Qxd6 Bc6 33. Qf4
Rcd8 34. Rxe8+ Bxe8 35. Re1 Bc6 36. Re3 Bc7 37. Be5 Bxe5 38. Rxe5 Rf8 39. d4
Qf6 40. d5 Bd7 41. Re1 Rc8 42. d6 Rc6 43. Rd1 Kh8 44. Rd4 h6 45. Qd2 Qe5 46. f4
Qe6 47. Kh2 Kh7 48. Nd5 a5 49. Ne3 Rc5 50. Nc2 Bc6 51. Ne3 Bd7 52. Nc2 Bc6 53.
b4 axb4 54. Nxb4 Bd7 55. Nd3 Rb5 56. Ne5 Rxe5 57. fxe5 Qxe5+ 58. Kh1 b5 59. Qd1
Kg6 60. Rd5 Qe4 61. Rd4 Qe5 62. Rd2 b4 63. Rd5 Qe6 64. Rd3 Kh7 65. Rd4 b3 66.
Rb4 Bc6 67. Rb6 Ba4 68. Qd4 Bd7 69. Kh2 h5 70. h4 Be8 71. Qf4 Qd5 72. Qg3 Ba4
73. Rb4 Qc5 74. Rxa4 b2 75. Qd3 Qe5+ 76. Kh3 1-0

[Event "European Team-ch 2007"]
[Site "Crete GRE"]
[Date "2007.11.06"]
[Round "9.4"]
[White "Karjakin, Sergey"]
[Black "Jones, Gawain C B"]
[Result "1-0"]
[WhiteElo "2694"]
[BlackElo "2567"]
[PlyCount "87"]
[EventDate "2007.10.28"]
[EventType "team"]
[EventRounds "9"]
[EventCountry "GRE"]
[Source "lmi"]
[SourceDate "2007.10.28"]
[WhiteTeam "Ukraine"]
[BlackTeam "England"]
[WhiteTeamCountry "UKR"]
[BlackTeamCountry "ENG"]

1. e4 c5 2. Nf3 g6 3. d4 cxd4 4. Nxd4 Bg7 5. Nc3 Nc6 6. Be3 Nf6 7. Bc4 O-O 8.
Bb3 a5 9. O-O a4 10. Nxa4 Nxe4 11. Nb5 Rxa4 12. Bxa4 Bxb2 13. Rb1 Bg7 14. f3
Qa5 15. Bb3 Nc3 16. Nxc3 Qxc3 17. Qe1 Qe5 18. Qd2 Nd4 19. Rbd1 Nf5 20. Bf2 Qc7
21. Qe2 e5 22. Qc4 Qb8 23. c3 b5 24. Qb4 Qa8 25. Rd5 d6 26. Rxb5 Ba6 27. Ra5
Qc8 28. Rd1 e4 29. Qxe4 Bxc3 30. Ra4 Be5 31. Qc2 Qxc2 32. Bxc2 Bb5 33. Ra7 Rc8
34. Bb3 Bc4 35. g4 Bxb3 36. axb3 Ng7 37. f4 Bxf4 38. Rda1 Ne6 39. Ra8 Rxa8 40.
Rxa8+ Kg7 41. b4 d5 42. b5 Nc7 43. Ra5 Bd2 44. Ra2 1-0

[Event "European Team-ch 2007"]
[Site "Crete GRE"]
[Date "2007.11.06"]
[Round "9.4"]
[White "Areshchenko, Alexander"]
[Black "Conquest, Stuart C"]
[Result "1/2-1/2"]
[WhiteElo "2638"]
[BlackElo "2540"]
[PlyCount "83"]
[EventDate "2007.10.28"]
[EventType "team"]
[EventRounds "9"]
[EventCountry "GRE"]
[Source "lmi"]
[SourceDate "2007.10.28"]
[WhiteTeam "Ukraine"]
[BlackTeam "England"]
[WhiteTeamCountry "UKR"]
[BlackTeamCountry "ENG"]

1. e4 Nf6 2. e5 Nd5 3. d4 d6 4. c4 Nb6 5. exd6 exd6 6. Nc3 Nc6 7. Be2 Be7 8. h3
Bf5 9. a3 a5 10. b3 O-O 11. Nf3 Re8 12. O-O Bf6 13. g4 Bg6 14. g5 Be7 15. d5
Nb8 16. h4 Qc8 17. Kh2 Bh5 18. Ne4 N8d7 19. Ng3 Bg4 20. Bb2 Bf8 21. h5 Qd8 22.
Qd2 Nc5 23. Rae1 Nbd7 24. h6 Ne4 25. Qf4 Bxf3 26. Bxf3 Nxg3 27. Qxg3 Rxe1 28.
Rxe1 Ne5 29. Bg2 f5 30. f4 Ng4+ 31. Kh3 Qd7 32. Qc3 Qf7 33. Kg3 Rd8 34. hxg7
Be7 35. Bh3 h6 36. Bxg4 fxg4 37. gxh6 Qh5 38. Kg2 Bf6 39. Qxf6 Qh3+ 40. Kg1
Qg3+ 41. Kf1 Qf3+ 42. Kg1 1/2-1/2

[Event "European Team-ch 2007"]
[Site "Crete GRE"]
[Date "2007.11.06"]
[Round "9.5"]
[White "Beliavsky, Alexander G"]
[Black "Shirov, Alexei"]
[Result "0-1"]
[WhiteElo "2646"]
[BlackElo "2739"]
[PlyCount "78"]
[EventDate "2007.10.28"]
[EventType "team"]
[EventRounds "9"]
[EventCountry "GRE"]
[Source "lmi"]
[SourceDate "2007.10.28"]
[WhiteTeam "Slovenija"]
[BlackTeam "Espana"]
[WhiteTeamCountry "SLO"]
[BlackTeamCountry "ESP"]

1. d4 Nf6 2. c4 g6 3. Nc3 d5 4. cxd5 Nxd5 5. e4 Nxc3 6. bxc3 Bg7 7. Bc4 c5 8.
Ne2 Nc6 9. Be3 O-O 10. O-O Bg4 11. f3 Na5 12. Bd5 Bd7 13. Rb1 Qc7 14. Bf4 Qc8
15. e5 Bc6 16. Be4 b6 17. Qd3 Rd8 18. Rfd1 Bxe4 19. Qxe4 Qb7 20. d5 Qa6 21. Bg5
Qc4 22. Bxe7 Qxe4 23. fxe4 Re8 24. Bf6 Bxf6 25. exf6 Rxe4 26. Ng3 Re5 27. Rb2
Nc4 28. Re2 Rxe2 29. Nxe2 Ne3 30. Rd3 Ng4 31. Rf3 Re8 32. Ng3 Re1+ 33. Nf1 Kf8
34. c4 Rc1 35. Ra3 Nxf6 36. Rxa7 Ne4 37. g3 Nd2 38. d6 Rxf1+ 39. Kg2 Ke8 0-1

[Event "European Team-ch 2007"]
[Site "Crete GRE"]
[Date "2007.11.06"]
[Round "9.5"]
[White "Tratar, Marko"]
[Black "Illescas Cordoba, Miguel"]
[Result "1/2-1/2"]
[WhiteElo "2502"]
[BlackElo "2598"]
[PlyCount "30"]
[EventDate "2007.10.28"]
[EventType "team"]
[EventRounds "9"]
[EventCountry "GRE"]
[Source "lmi"]
[SourceDate "2007.10.28"]
[WhiteTeam "Slovenija"]
[BlackTeam "Espana"]
[WhiteTeamCountry "SLO"]
[BlackTeamCountry "ESP"]

1. Nf3 d5 2. d4 Nf6 3. c4 c6 4. e3 Bf5 5. Nc3 e6 6. Nh4 Bg6 7. Nxg6 hxg6 8. g3
Nbd7 9. Qe2 Bb4 10. Bd2 Bxc3 11. Bxc3 Ne4 12. Qc2 Nxc3 13. Qxc3 O-O 14. Bg2
dxc4 15. Qxc4 e5 1/2-1/2

[Event "European Team-ch 2007"]
[Site "Crete GRE"]
[Date "2007.11.06"]
[Round "9.5"]
[White "Narciso Dublan, Marc"]
[Black "Lenic, Luka"]
[Result "0-1"]
[WhiteElo "2546"]
[BlackElo "2531"]
[PlyCount "88"]
[EventDate "2007.10.28"]
[EventType "team"]
[EventRounds "9"]
[EventCountry "GRE"]
[Source "lmi"]
[SourceDate "2007.10.28"]
[WhiteTeam "Espana"]
[BlackTeam "Slovenija"]
[WhiteTeamCountry "ESP"]
[BlackTeamCountry "SLO"]

1. d4 Nf6 2. c4 e6 3. Nf3 b6 4. g3 Ba6 5. Qb3 Bb7 6. Nc3 Nc6 7. e4 Na5 8. Qc2
Bb4 9. Bd3 Bxc3+ 10. bxc3 d6 11. O-O c5 12. d5 O-O 13. e5 dxe5 14. Nxe5 exd5
15. Bg5 h6 16. Bxf6 Qxf6 17. Nd7 Qc6 18. Nxf8 dxc4 19. Be4 Qxe4 20. Qxe4 Bxe4
21. Nd7 f6 22. Rfe1 Bd3 23. Re7 Nc6 24. Re6 Rc8 25. Rae1 Bf5 26. Rd6 Kf7 27.
Re3 Rc7 28. Nxf6 gxf6 29. Rf3 Be6 30. Re3 Bc8 31. Rf3 f5 32. Rxh6 Kg7 33. Rd6
b5 34. Rd5 Ne7 35. Rd1 b4 36. cxb4 cxb4 37. Re3 c3 38. Re5 Kf6 39. Rb5 Rc4 40.
Rb1 Nc6 41. Kg2 Be6 42. Rc1 c2 43. Kf1 Rc3 44. Ke1 Bc4 0-1

[Event "European Team-ch 2007"]
[Site "Crete GRE"]
[Date "2007.11.06"]
[Round "9.6"]
[White "Georgiev, Vladimir"]
[Black "Socko, Bartosz"]
[Result "0-1"]
[WhiteElo "2576"]
[BlackElo "2646"]
[PlyCount "74"]
[EventDate "2007.10.28"]
[EventType "team"]
[EventRounds "9"]
[EventCountry "GRE"]
[Source "lmi"]
[SourceDate "2007.10.28"]
[WhiteTeam "Former Yugoslav Republic of Macedonia"]
[BlackTeam "Poland"]
[WhiteTeamCountry "FRM"]
[BlackTeamCountry "POL"]

1. d4 e6 2. c4 Nf6 3. g3 c5 4. d5 exd5 5. cxd5 b5 6. Bg2 d6 7. e4 g6 8. Qe2
Nbd7 9. Qxb5 Rb8 10. Qa4 Bg7 11. Ne2 O-O 12. O-O Ne5 13. Nbc3 Rb4 14. Qc2 Ba6
15. a3 Rb7 16. Rd1 Bc4 17. b4 cxb4 18. axb4 Rxb4 19. Nd4 Qb6 20. Na4 Qa6 21.
Ra3 Bd3 22. Rdxd3 Nxd3 23. Nc6 Nxc1 24. Nxb4 Ne2+ 25. Kh1 Qa5 26. Nd3 Nd4 27.
Qa2 Qb5 28. Nab2 Re8 29. Ra5 Qb3 30. Qxb3 Nxb3 31. Ra4 Nxd5 32. Rxa7 Nc3 33. f3
Rb8 34. Nc4 Bd4 35. Rd7 Nc5 36. Nxc5 Rb1+ 37. Bf1 Rxf1+ 0-1

[Event "European Team-ch 2007"]
[Site "Crete GRE"]
[Date "2007.11.06"]
[Round "9.6"]
[White "Miton, Kamil"]
[Black "Mitkov, Nikola"]
[Result "1/2-1/2"]
[WhiteElo "2628"]
[BlackElo "2528"]
[PlyCount "58"]
[EventDate "2007.10.28"]
[EventType "team"]
[EventRounds "9"]
[EventCountry "GRE"]
[Source "lmi"]
[SourceDate "2007.10.28"]
[WhiteTeam "Poland"]
[BlackTeam "Former Yugoslav Republic of Macedonia"]
[WhiteTeamCountry "POL"]
[BlackTeamCountry "FRM"]

1. d4 Nf6 2. c4 e6 3. Nc3 Bb4 4. Qc2 d5 5. a3 Bxc3+ 6. Qxc3 Ne4 7. Qc2 c5 8.
dxc5 Nc6 9. cxd5 exd5 10. Nf3 Bf5 11. b4 O-O 12. Bb2 Re8 13. Qb3 b6 14. cxb6
Qxb6 15. e3 a5 16. Nd4 Bg6 17. Be2 axb4 18. Nxc6 Qxc6 19. Rc1 Qb7 20. Qxb4
Qxb4+ 21. axb4 Nd6 22. Bd4 Ra2 23. Ra1 Rxa1+ 24. Bxa1 f6 25. Bd4 Rb8 26. Bf3
Ne4 27. Bxe4 Bxe4 28. f3 Rxb4 29. Kf2 Rb1 1/2-1/2

[Event "European Team-ch 2007"]
[Site "Crete GRE"]
[Date "2007.11.06"]
[Round "9.6"]
[White "Nedev, Trajce"]
[Black "Gajewski, Grzegorz"]
[Result "0-1"]
[WhiteElo "2528"]
[BlackElo "2573"]
[PlyCount "56"]
[EventDate "2007.10.28"]
[EventType "team"]
[EventRounds "9"]
[EventCountry "GRE"]
[Source "lmi"]
[SourceDate "2007.10.28"]
[WhiteTeam "Former Yugoslav Republic of Macedonia"]
[BlackTeam "Poland"]
[WhiteTeamCountry "FRM"]
[BlackTeamCountry "POL"]

1. e4 c5 2. Nf3 d6 3. d4 cxd4 4. Nxd4 Nf6 5. Nc3 a6 6. Be3 e5 7. Nb3 Be7 8. Qd2
Be6 9. f3 O-O 10. O-O-O a5 11. Qe1 Qc8 12. a4 Na6 13. g4 Nb4 14. Kb1 d5 15. g5
Ne8 16. exd5 Bf5 17. Rd2 Nc7 18. Bc4 b5 19. axb5 Ne8 20. Qe2 a4 21. Nc1 Nd6 22.
Bd3 Nxd3 23. Nxd3 Nc4 24. Rdd1 a3 25. Ne4 Bxe4 26. fxe4 axb2 27. Nxb2 Na3+ 28.
Kc1 Qc3 0-1

[Event "European Team-ch 2007"]
[Site "Crete GRE"]
[Date "2007.11.06"]
[Round "9.6"]
[White "Wojtaszek, Radoslaw"]
[Black "Stanojoski, Zvonko"]
[Result "1/2-1/2"]
[WhiteElo "2635"]
[BlackElo "2467"]
[PlyCount "90"]
[EventDate "2007.10.28"]
[EventType "team"]
[EventRounds "9"]
[EventCountry "GRE"]
[Source "lmi"]
[SourceDate "2007.10.28"]
[WhiteTeam "Poland"]
[BlackTeam "Former Yugoslav Republic of Macedonia"]
[WhiteTeamCountry "POL"]
[BlackTeamCountry "FRM"]

1. d4 d5 2. Nf3 Nf6 3. c4 c6 4. e3 e6 5. Bd3 Nbd7 6. O-O Bd6 7. b3 O-O 8. Bb2
b6 9. Ne5 Bb7 10. Nd2 Qe7 11. f4 Ba3 12. Bxa3 Qxa3 13. Rf3 g6 14. Rh3 dxc4 15.
Ndxc4 Qe7 16. Qe1 Nd5 17. Nxd7 Qxd7 18. Qh4 f5 19. Ne5 Qg7 20. Bc4 Rae8 21. Rc1
Nf6 22. b4 Nd7 23. Nd3 Re7 24. Bb3 Rc8 25. g4 Kh8 26. gxf5 exf5 27. Ne5 Nxe5
28. dxe5 c5 29. bxc5 bxc5 30. Rg3 Rec7 31. Be6 Rf8 32. Kf2 Rc6 33. Bc4 Ba6 34.
Bd5 Rb6 35. Rgg1 Rb2+ 36. Kg3 Bb7 37. Rxc5 Bxd5 38. Rxd5 Qc7 39. Rgd1 Qc3 40.
R5d3 Qc6 41. R3d2 g5 42. Qxg5 Rxd2 43. Rxd2 Qc1 44. Rd8 Qg1+ 45. Kf3 Qf1+
1/2-1/2

[Event "European Team-ch 2007"]
[Site "Crete GRE"]
[Date "2007.11.06"]
[Round "9.7"]
[White "Balogh, Csaba"]
[Black "Sokolov, Ivan"]
[Result "1-0"]
[WhiteElo "2561"]
[BlackElo "2673"]
[PlyCount "101"]
[EventDate "2007.10.28"]
[EventType "team"]
[EventRounds "9"]
[EventCountry "GRE"]
[Source "lmi"]
[SourceDate "2007.10.28"]
[WhiteTeam "Hungary"]
[BlackTeam "Netherlands"]
[WhiteTeamCountry "HUN"]
[BlackTeamCountry "NED"]

1. e4 e5 2. Nf3 Nc6 3. Bb5 a6 4. Bxc6 dxc6 5. O-O Be7 6. d3 Bf6 7. Nbd2 Ne7 8.
d4 Ng6 9. dxe5 Nxe5 10. Nxe5 Bxe5 11. Qh5 Bf6 12. Nf3 O-O 13. Bg5 Bxg5 14. Qxg5
Qxg5 15. Nxg5 Re8 16. Rfe1 f6 17. Nf3 Bg4 18. Nd2 Rad8 19. Nf1 a5 20. f3 Be6
21. a3 f5 22. Kf2 f4 23. g3 g5 24. h4 h6 25. hxg5 hxg5 26. Rad1 Kf7 27. Rd2 Rd6
28. Red1 Red8 29. gxf4 gxf4 30. Rxd6 cxd6 31. Nd2 Rh8 32. Ke2 Rh2+ 33. Kd3 b5
34. b3 b4 35. axb4 axb4 36. Ra1 c5 37. Ra6 Ke7 38. Rb6 Rf2 39. Rb7+ Kf6 40. Rh7
d5 41. Rh6+ Kf7 42. Rh7+ Kf6 43. Rh6+ Ke7 44. Rh7+ Bf7 45. exd5 Kf8 46. Rh8+
Kg7 47. d6 Be6 48. Rh5 Kf7 49. Rxc5 Ke8 50. Rb5 Kd7 51. Rxb4 1-0